| 000 | 00531nam a2200193Ia 4500 | ||
|---|---|---|---|
| 003 | GCL | ||
| 008 | 140319s9999 xx 000 0 eng d | ||
| 040 |
_aGCL / _cGCL |
||
| 082 | 0 | 4 |
_a005.43 _bG G |
| 100 | 1 | _aKRONSTADT, BABETTE | |
| 245 | 1 | 0 |
_aGETTING STARTED WITH PARADOX 5.0 FOR WINDOWS / _cKRONSTADT, BABETTE |
| 700 | 1 | _aSACHS, DAVID | |
| 700 | 1 | _aGAYLARD, HENRY H. | |
| 260 |
_a[S.N] : _bJOHN WILEY AND SONS. INC ، _c1995 |
||
| 300 | _a196 P | ||
| 650 | 0 | 4 | _aWINDOWS |
| 650 | 0 | 4 | _aCOMPUTER - PROPGRAMME |
| 942 |
_2ddc _cBK |
||
| 999 |
_c13389 _d13389 |
||